000 01326nam a22003737a 4500
001 1614693
003 OSt
005 20210421073648.0
008 950228s1996 ctuab b 001 0 eng c
010 _a 95011594
020 _a0838570917 (hard cover : alk. paper)
040 _aDNLM/DLC
_cDLC
_deng
_beng
041 _aeng
050 0 0 _aRT98
_b.N88 1996
060 1 0 _aWY 106 C594n 1995
080 _a616-08
_bC-59
082 0 0 _a610.73/43
_220
100 1 _aClark, Mary Jo Dummer.
245 1 0 _aNursing in the community /
_cMary Jo Clark.
250 _a2nd edition
260 _aStamford, Conn. :
_bAppleton & Lange,
_cc1996.
300 _axxx, 1055 p. :
_bill. (some col.), maps (some col.) ;
_c29 cm.
500 _aRev. ed. of: Nursing in the community / [edited by] Mary Jo Clark. c1992.
504 _aIncludes bibliographical references and index.
650 0 _aCommunity health nursing.
650 0 _aPatient Care
_9285
650 1 2 _aCommunity Health Nursing.
650 2 2 _aNursing Process.
653 _aპაციენტის მოვლა
730 0 _aNursing in the community.
906 _a7
_bcbc
_corignew
_d1
_eocip
_f19
_gy-gencatlg
942 _2udc
_cBK
_e2
999 _c705
_d705